000 00325nam a22001217a 4500
040 _cSK
082 _a330
100 _aអ៊ុន ប៊ុនលាង
245 _aMathematical economics; គណិតវិទ្យាសេដ្ឋកិច្ច
260 _aRUA
_bអ៊ុន
_c2012
300 _a109p.
942 _cKB
999 _c9452
_d9452